000 00305nam a2200133Ia 4500
008 190216s9999||||xx |||||||||||||| ||und||
100 _aSurendran. Pu
245 0 _aSamkhyikam
250 _a1st Ed.
260 _bKerala Bhasha Institute
_c1971
300 _a251+10
650 _aMathematics
942 _cBK
999 _c37561
_d37561